[Event "Viktor Kupreichik Memorial Rapid Open"]
[Site "Minsk"]
[Date "2018.06.23"]
[Round "11.21"]
[White "Fedotov, Konstantin"]
[Black "Kirilin, Dmitrij"]
[Result "1-0"]
[WhiteElo "2090"]
[BlackElo "1898"]
[PlyCount "77"]
[EventDate "2018.06.21"]
[EventType "swiss"]
[EventRounds "11"]
[EventCountry "BLR"]
[WhiteTeamCountry "UKR"]
[BlackTeamCountry "BLR"]

1. e4 c5 2. Nc3 Nc6 3. Bb5 e6 4. Bxc6 dxc6 5. d3 Nf6 6. f4 Be7 7. Nf3 b6 8. O-O
Qc7 9. Ne2 Bb7 10. b3 O-O-O 11. Qe1 Nh5 12. Bb2 Rhg8 13. Be5 Qd7 14. g4 Nf6 15.
h3 Ne8 16. Bb2 Bd6 17. e5 Be7 18. Nc3 g5 19. fxg5 Bxg5 20. Nxg5 Rxg5 21. Ne4
Rg7 22. Qh4 c4 23. bxc4 c5 24. Rf4 Qa4 25. Qf2 Kb8 26. Kh2 Rd7 27. Bc3 Qc6 28.
a4 a5 29. Rb1 Ka7 30. Bxa5 bxa5 31. Nxc5 Ka8 32. Nxd7 Qxd7 33. Qb6 Qc7 34. Qb5
Rg8 35. Rd4 Qc8 36. Qxa5+ Kb8 37. Rd8 Nc7 38. Rxc8+ Kxc8 39. Qb6 1-0

[Event "Viktor Kupreichik Memorial Rapid Open"]
[Site "Minsk"]
[Date "2018.06.23"]
[Round "11.23"]
[White "Zeliantsova, Kseniya"]
[Black "Savolainen, Lev P"]
[Result "0-1"]
[WhiteElo "1844"]
[BlackElo "2163"]
[PlyCount "110"]
[EventDate "2018.06.21"]
[EventType "swiss"]
[EventRounds "11"]
[EventCountry "BLR"]
[WhiteTeamCountry "UKR"]
[BlackTeamCountry "BLR"]

1. e4 e6 2. d4 d5 3. Nc3 Nf6 4. e5 Nfd7 5. f4 c5 6. Nf3 Nc6 7. Be3 f6 8. exf6
Qxf6 9. Bb5 Bd6 10. Ne2 a6 11. Bxc6 bxc6 12. O-O cxd4 13. Bxd4 Bc5 14. Kh1 Bxd4
15. Nexd4 O-O 16. Nxc6 Qxb2 17. f5 Nf6 18. Ne7+ Kh8 19. Ng5 exf5 20. Nxd5 h6
21. Nh3 Rd8 22. c4 Be6 23. Nhf4 Bf7 24. Qf3 Rac8 25. Ne7 Rxc4 26. Nfg6+ Kh7 27.
Qxf5 Qc2 28. Ne5+ Qxf5 29. Nxf5 Rc7 30. Nxf7 Rxf7 31. h3 Ne4 32. Kh2 Rd2 33. a4
Nc3 34. Ra3 Nd5 35. Rff3 g5 36. Kh1 Nf4 37. Ne3 Rb7 38. Rf1 Rbb2 39. Nc4 Ra2
40. Rxa2 Rxa2 41. a5 Ra4 42. Rc1 Kg7 43. Kh2 Kf7 44. g3 Ra2+ 45. Kh1 Ne2 46.
Rf1+ Ke6 47. Rf3 Kd5 48. Nb6+ Ke4 49. Rb3 Nd4 50. Rb4 Rxa5 51. Nc4 Ra2 52. Nd6+
Kd5 53. Nc4 Kc5 54. Rb2 Ra1+ 55. Kg2 Kxc4 0-1

[Event "Viktor Kupreichik Memorial Rapid Open"]
[Site "Minsk"]
[Date "2018.06.23"]
[Round "11.33"]
[White "Rybakova, Polina"]
[Black "Zagorskii, Artem"]
[Result "1-0"]
[WhiteElo "1826"]
[BlackElo "1705"]
[PlyCount "73"]
[EventDate "2018.06.21"]
[EventType "swiss"]
[EventRounds "11"]
[EventCountry "BLR"]
[WhiteTeamCountry "UKR"]
[BlackTeamCountry "BLR"]

1. e4 c5 2. Nf3 e6 3. d4 cxd4 4. Nxd4 a6 5. Nc3 b5 6. a3 Bb7 7. Bd3 d6 8. O-O
Nd7 9. Nb3 Ngf6 10. f4 Qb6+ 11. Kh1 h5 12. Qe1 Ng4 13. Nd1 Be7 14. Be3 Nxe3 15.
Nxe3 Nf6 16. e5 dxe5 17. fxe5 Nd7 18. Qg3 g6 19. Rxf7 h4 20. Rxe7+ Kxe7 21.
Qg5+ Nf6 22. exf6+ Kd6 23. Rd1 Kc7 24. Qf4+ Kc8 25. Be4 g5 26. Bxb7+ Kxb7 27.
Qe4+ Kc7 28. Qe5+ Kb7 29. Nc5+ Kc8 30. Qxe6+ Qxe6 31. Nxe6 Ra7 32. Nxg5 Rah7
33. Nxh7 Rxh7 34. Nf5 Kc7 35. Ng7 Rh8 36. Ne6+ Kc6 37. f7 1-0

[Event "Viktor Kupreichik Memorial Rapid Open"]
[Site "Minsk"]
[Date "2018.06.23"]
[Round "11.34"]
[White "Bezenson, Anton"]
[Black "Girshgorn, Maria"]
[Result "0-1"]
[WhiteElo "1732"]
[BlackElo "1805"]
[PlyCount "84"]
[EventDate "2018.06.21"]
[EventType "swiss"]
[EventRounds "11"]
[EventCountry "BLR"]
[WhiteTeamCountry "UKR"]
[BlackTeamCountry "BLR"]

1. Nf3 Nf6 2. g3 g6 3. Bg2 Bg7 4. O-O O-O 5. d4 d6 6. c4 Nbd7 7. Nc3 e5 8. e4
c6 9. h3 Qc7 10. Be3 exd4 11. Nxd4 Ne5 12. Qe2 Qe7 13. f4 Ned7 14. Rfe1 Nc5 15.
Bf2 a5 16. b3 Nh5 17. Rad1 Ne6 18. Kh2 Nhxf4 19. gxf4 Nxf4 20. Qf3 Be5 21. Bg3
Qf6 22. Nce2 g5 23. Nxf4 gxf4 24. Bf2 Kh8 25. Ne2 Rg8 26. Bd4 Be6 27. Rg1 Rg6
28. Nxf4 Rag8 29. Bxe5 Qxe5 30. Kh1 Rg3 31. Qf2 Qf6 32. Rd3 R3g5 33. Rf3 Bd7
34. Nd3 Qg6 35. Nf4 Qh6 36. Qb2+ R8g7 37. Qf2 Kg8 38. Rd1 Bg4 39. Rg3 Bxd1 40.
Rxg5 Qxg5 41. Qd2 Qf6 42. Nh5 Bxh5 0-1

[Event "Viktor Kupreichik Memorial Rapid Open"]
[Site "Minsk"]
[Date "2018.06.23"]
[Round "11.36"]
[White "Mialik, Artsiom"]
[Black "Kolosovskaya, Olga"]
[Result "0-1"]
[WhiteElo "1432"]
[BlackElo "1747"]
[PlyCount "164"]
[EventDate "2018.06.21"]
[EventType "swiss"]
[EventRounds "11"]
[EventCountry "BLR"]
[WhiteTeamCountry "UKR"]
[BlackTeamCountry "BLR"]

1. Nf3 Nf6 2. g3 g6 3. Bg2 Bg7 4. O-O O-O 5. d4 d5 6. c4 dxc4 7. Ne5 Ng4 8.
Nxg4 Bxg4 9. Bxb7 Nd7 10. Bxa8 Qxa8 11. f3 Bh3 12. Re1 Qd5 13. Be3 Rb8 14. Nc3
Qc6 15. Qd2 Nf6 16. Bf4 Nh5 17. Be3 Rd8 18. Rad1 Qd6 19. Bf2 Nf6 20. e4 Qa6 21.
Qf4 Qb7 22. Re2 Nh5 23. Qh4 Bc8 24. Qxe7 Bf6 25. Qc5 Qb6 26. Qxb6 cxb6 27. Nd5
Bg7 28. Ne7+ Kf8 29. Nxc8 Rxc8 30. d5 Ke8 31. Bd4 Bf8 32. e5 Ng7 33. e6 Nf5 34.
g4 Nxd4 35. Rxd4 Bc5 36. Ree4 Bxd4+ 37. Rxd4 fxe6 38. dxe6 Rc7 39. Kf2 Ke7 40.
Ke3 Kxe6 41. Re4+ Kd6 42. Kd4 Rf7 43. f4 b5 44. Ke3 Kc5 45. Re5+ Kb4 46. f5
gxf5 47. gxf5 a5 48. Kd2 Rf6 49. Kc2 Rh6 50. a3+ Ka4 51. Re2 Rf6 52. Rf2 b4 53.
axb4 axb4 54. Rf4 Kb5 55. Kd2 Kc5 56. Ke3 Kd5 57. Kd2 Kc5 58. Kc2 Kd5 59. Kd2
Rd6 60. Kc2 Rf6 61. Kd2 Kc5 62. Kc2 Kb5 63. Kd2 Ka4 64. Kc2 Kb5 65. Kd2 Kc5 66.
Kc2 Kd5 67. Kd2 h5 68. Ke3 Kc5 69. Kd2 Rd6+ 70. Kc2 b3+ 71. Kc1 Rf6 72. Kd2 Kd5
73. Ke3 c3 74. bxc3 b2 75. Rf1 Kc4 76. Kd2 Rxf5 77. Rb1 Rf2+ 78. Kd1 Kxc3 79.
Ke1 Rxh2 80. Rd1 Rh1+ 81. Ke2 Rxd1 82. Kxd1 b1=Q+ 0-1

[Event "Viktor Kupreichik Memorial Rapid Open"]
[Site "Minsk"]
[Date "2018.06.23"]
[Round "11.37"]
[White "Arlou, Valery"]
[Black "Kashtelyan, Valentin"]
[Result "0-1"]
[WhiteElo "1743"]
[BlackElo "1604"]
[PlyCount "105"]
[EventDate "2018.06.21"]
[EventType "swiss"]
[EventRounds "11"]
[EventCountry "BLR"]
[WhiteTeamCountry "UKR"]
[BlackTeamCountry "BLR"]

1. c4 Nf6 2. Nc3 e5 3. d3 d5 4. cxd5 Nxd5 5. Bd2 Nc6 6. Nf3 Be7 7. g3 O-O 8.
Bg2 Be6 9. O-O Kh8 10. h4 f5 11. Ng5 Bg8 12. Nxd5 Bxd5 13. e4 Bg8 14. exf5 Rxf5
15. Be4 Rf6 16. Qh5 Qe8 17. Qe2 Nd4 18. Qd1 c6 19. Be3 Rd8 20. Rc1 h6 21. Nf3
Nxf3+ 22. Bxf3 Bh7 23. Be2 Qd7 24. Qb3 b6 25. Rfd1 c5 26. Qc2 Rd6 27. Qc3 Bf6
28. Qc4 Bxd3 29. Bxd3 Rxd3 30. Rxd3 Qxd3 31. Qf7 Qd7 32. Qg6 Qe8 33. Qe4 Qf7
34. b3 Qe6 35. Re1 Qd5 36. Qf5 Qd7 37. Qg6 Qe8 38. Qe4 Qf7 39. Qf5 Rd6 40. Qc8+
Kh7 41. Qf5+ Qg6 42. Qh3 h5 43. Qg2 Rd3 44. Kh2 Qf5 45. Qf1 Rd7 46. Qe2 e4 47.
Rd1 Bd4 48. Bf4 Re7 49. Re1 Qg4 50. Qc2 Qf3 51. Be3 Rf7 52. Kg1 Rd7 53. Bf4 {
time} 0-1

[Event "Viktor Kupreichik Memorial Rapid Open"]
[Site "Minsk"]
[Date "2018.06.23"]
[Round "11.38"]
[White "Yurau, Maksim"]
[Black "Laptev, Viktor"]
[Result "1-0"]
[WhiteElo "1694"]
[BlackElo "1405"]
[PlyCount "29"]
[EventDate "2018.06.21"]
[EventType "swiss"]
[EventRounds "11"]
[EventCountry "BLR"]
[WhiteTeamCountry "UKR"]
[BlackTeamCountry "BLR"]

1. e4 c5 2. Nf3 Nc6 3. d4 cxd4 4. Nxd4 Nf6 5. Nc3 g6 6. Be3 Bg7 7. Nxc6 bxc6 8.
e5 Ng8 9. Bd4 e6 10. Ne4 Qa5+ 11. Bc3 Qd5 12. Nd6+ Ke7 13. Qe2 Ba6 14. Qxa6
Bxe5 15. Rd1 1-0

[Event "Viktor Kupreichik Memorial Rapid Open"]
[Site "Minsk"]
[Date "2018.06.23"]
[Round "11.39"]
[White "Halouchyts, Karalina"]
[Black "Selitski, Aleksandr"]
[Result "1-0"]
[WhiteElo "1603"]
[BlackElo "1678"]
[PlyCount "73"]
[EventDate "2018.06.21"]
[EventType "swiss"]
[EventRounds "11"]
[EventCountry "BLR"]
[WhiteTeamCountry "UKR"]
[BlackTeamCountry "BLR"]

1. e4 c6 2. d4 d5 3. exd5 cxd5 4. Bd3 Nc6 5. c3 Nf6 6. Nf3 Qc7 7. O-O Bg4 8.
Be3 e6 9. Nbd2 Bd6 10. Qc2 Rc8 11. Rac1 Bh5 12. Qb1 Bg6 13. b3 Qb8 14. c4 Nb4
15. Bxg6 hxg6 16. h3 O-O 17. c5 Bf4 18. Bxf4 Qxf4 19. a3 Nc6 20. Qd3 Rfd8 21.
b4 a6 22. Rb1 Ne4 23. Rfd1 g5 24. Nf1 g4 25. hxg4 Qxg4 26. Qe3 Ne7 27. Ne5 Qh5
28. Ng3 Nxg3 29. Qxg3 Nf5 30. Qf4 g5 31. Qd2 Kg7 32. g4 Qh3 33. Qxg5+ Kf8 34.
gxf5 exf5 35. Rd3 Qh8 36. Qxf5 f6 37. Ng6+ 1-0

[Event "Viktor Kupreichik Memorial Rapid Open"]
[Site "Minsk"]
[Date "2018.06.23"]
[Round "11.40"]
[White "Drobyshevsky, Vasily"]
[Black "Sukalina, Alina"]
[Result "1/2-1/2"]
[WhiteElo "1551"]
[BlackElo "1673"]
[PlyCount "120"]
[EventDate "2018.06.21"]
[EventType "swiss"]
[EventRounds "11"]
[EventCountry "BLR"]
[WhiteTeamCountry "UKR"]
[BlackTeamCountry "BLR"]

1. c4 e6 2. d4 d5 3. e3 Nf6 4. Nc3 Be7 5. Nf3 O-O 6. Ne5 a6 7. Be2 dxc4 8. Bxc4
b5 9. Bb3 Bb7 10. O-O Nbd7 11. f4 c5 12. Bc2 cxd4 13. exd4 Nb6 14. Be3 Nbd5 15.
Nxd5 Nxd5 16. Qd3 g6 17. Bd2 Nb4 18. Bxb4 Bxb4 19. a3 Be7 20. Bb3 Bf6 21. Rfd1
Bd5 22. Bxd5 Qxd5 23. Rac1 Rac8 24. Rc3 Rfd8 25. Rxc8 Rxc8 26. h3 Bg7 27. Rd2
Bh6 28. g3 Rc1+ 29. Rd1 Rc8 30. Kh2 Bg7 31. Rd2 Bf8 32. Qf3 Qxf3 33. Nxf3 Rd8
34. Kg2 Kg7 35. Kf2 f6 36. Ke3 Kf7 37. Rc2 a5 38. Rc7+ Be7 39. Kd3 b4 40. axb4
axb4 41. Kc4 Ke8 42. h4 Rd7 43. Rxd7 Kxd7 44. Ne1 Bd6 45. Nd3 g5 46. hxg5 fxg5
47. fxg5 Bxg3 48. Kxb4 Kc6 49. Kc4 Bh4 50. Ne5+ Kb6 51. Nf3 Bf2 52. Kd3 Kc6 53.
Ke4 Kd6 54. b4 Bg3 55. b5 Kc7 56. d5 exd5+ 57. Kxd5 Kb6 58. Kc4 Bf4 59. Kb4 Be3
60. Kc4 Bf4 1/2-1/2